000 00995nam a22002417a 4500
005 20170622113149.0
010 _a1617EN ENG-118776
020 _a9788123777771
_c170.00
035 _aB-648532-540
035 _aEN-102308
035 _aB-664759
037 _bStar
_adpl
037 _bDBAD/PUB
082 _a780.92254
100 _aVasudev, Uma
245 _aSelect stalwarts of hindustani classical music /
_cby Uma Vasudev
260 _aNew Delhi
_bNational Book Trust
_c2015
270 _aNehru Bhawan, 5,Institutional Area, Phase -II,
_bNew Delhi
_e110070
300 _a149p.
_c21cm(pbk)
_b photos
942 _2ddc
_cEN
_h780.92254
_mVAS
999 _c102130
_d102130